Mick Jagger : el libro de fotos /
محفوظ في:
| المؤلف الرئيسي: | |
|---|---|
| مؤلفون آخرون: | , |
| التنسيق: | كتاب |
| اللغة: | الإسبانية |
| منشور في: |
Madrid, España :
La Fábrica Editorial : Les Rencontres d'Arles,
2011, c2011
|
| الموضوعات: | |
| الوسوم: |
لا توجد وسوم, كن أول من يضع وسما على هذه التسجيلة!
|
MARC
| LEADER | 00000nam^a2200000^a^4500 | ||
|---|---|---|---|
| 001 | 000560453 | ||
| 005 | 20250526000000.0 | ||
| 009 | 20260310131903.489 | ||
| 020 | |a 978-84-92841-85-1 | ||
| 037 | |a Acervo ITESO - Biblioteca | ||
| 041 | |a GRA | ||
| 041 | |a ESP | ||
| 082 | |a 770. 942 |b JAG HEB | ||
| 100 | |a Hébel, François |e (curaduría) | ||
| 245 | 1 | 0 | |a Mick Jagger : |b el libro de fotos / |c Curaduría de F. Hébel ; ed. de A. Anaut ; tr. por Miguel Marqués. |
| 264 | 4 | |a Madrid, España : |b La Fábrica Editorial : |b Les Rencontres d'Arles, |c 2011, c2011 | |
| 300 | |a [132 p.] ; |c 26.0 cm. | ||
| 336 | |a texto |b txt |2 rdacontenido | ||
| 337 | |a sin mediación |b n |2 rdamedio | ||
| 338 | |a volumen |b nc |2 rdasoporte | ||
| 500 | |a Traducción de: Mick Jagger. The Photobook | ||
| 546 | |a Edición gráfica con texto en español | ||
| 649 | |a XX | ||
| 650 | |a Músicos Ingleses - |x Fotografías | ||
| 650 | |a Artistas Ingleses - |x Fotografías | ||
| 650 | |a Músicos Ingleses - |x Exposiciones | ||
| 650 | |a Artistas Ingleses - |x Exposiciones | ||
| 650 | |a Fotografía - |x Festivales - |z Arles, Francia - |x Catálogos - |x Tema Principal | ||
| 650 | |a Fotografía en Blanco y Negro | ||
| 650 | |a Fotografía en Color | ||
| 650 | |a Fotografía - |y Siglo XXI | ||
| 650 | |a Arte - |y Siglo XXI | ||
| 650 | |a Jagger, Mick - |x Tema Principal | ||
| 700 | |a Anaut, Alberto |e (edición) | ||
| 700 | |a Marqués, Miguel |e (traducción) | ||
| 910 | |a Fondo Pedro Valtierra | ||
| 920 | |a Impresos - Libros | ||
| 930 | |a Libros Antiguos y Raros | ||
| 905 | |a 129 | ||
| 901 | |a 0500369306 |b IT2 |c LRA |i D |u 20250526 | ||
| 902 | |a https://opac.biblio.iteso.mx/vufind/Record/000560453 | ||